Warszawa Wola - Ulice na mapie - Statystyki

Ogólne statystyki
  • Ten quiz został rozwiązany 172 razy
    160 od ostatniego zresetowania
  • Średni wynik to 19 z 46
Odpowiedzi na mapie
Odpowiedzi zakodowano w zielono-czerwonej skali na mapie do tego quizu, zgodnie z poniższymi procentami.
 
Statystyki odpowiedzi
Droga Ulica % Poprawnych
Ulica Wolska
77%
Ulica Górczewska
69%
Ulica Kasprzaka
69%
Ulica Towarowa
67%
Aleja Aleja Prymasa Tysiąclecia
62%
Aleja Aleja Solidarności
61%
Ulica Obozowa
61%
Ulica Okopowa
61%
Ulica Płocka
59%
Ulica Powązkowska
59%
Ulica Prosta
57%
Ulica Księcia Janusza
56%
Ulica Żelazna
56%
Ulica Leszno
51%
Ulica Młynarska
51%
Ulica Kolejowa
49%
Ulica Grzybowska
46%
Ulica Żytnia
43%
Ulica Karolkowa
39%
Ulica Nowolipki
39%
Ulica Ordona
38%
Ulica Złota
38%
Ulica Bema
36%
Ulica Chłodna
36%
Ulica Dzika
36%
Ulica Elekcyjna
36%
Ulica Redutowa
36%
Ulica Deotymy
34%
Ulica Olbrachta
34%
Ulica Dywizjonu 303
33%
Ulica Polczynska
33%
Ulica Siedmiogrodzka
33%
Ulica Skierniewicka
33%
Ulica Smocza
33%
Ulica Nowolipie
31%
Ulica Ostroroga
31%
Ulica Anielewicza
30%
Ulica Kazimierza
30%
Ulica Fort Wola
28%
Ulica Przyokopowa
28%
Ulica Sowinskiego
28%
Ulica Stawki
28%
Ulica Tatarska
26%
Ulica Elektoralna
18%
Ulica Gniewkowska
18%
Ulica Szarych Szeregów
15%
Nie znaleziono quizów pasujących do podanych kryteriów
Rozkład punktacji
Procent ludzi z każdym wynikiem
Percentyl według liczby udzielonych odpowiedzi
Twoja historia wyników
Nie rozwiązałeś tego quizu od ostatniego zresetowania